000 00540nam a2200193Ia 4500
001 12519
003 IN-NITTTR
005 20251114233117.0
008 251113s9999||||xx |||||||||||||| ||eng||
040 _beng
040 _cIN-NITTTR
041 _aeng
082 _a005.1 R141T
100 _aRamani, S
245 2 _aA text book on computer programming with industrial and engineering applications /
_cRamani, S, Rao, N. V. Koteswara, Nagarajan, R.
700 _a Nagarajan, R.
700 _a Rao, N. V. Koteswara
942 _2ddc
_cBK
999 _c15155
_d15155